• 首页
  • 本馆介绍
  • 公告通知
  • 最新文献
  • 馆藏检索
  • 电子资源
  • 读者导购
  • 参考咨询
  • 我的图书馆
  • 登录
  • 详细信息显示
  • 放入我的书架
  • 预约/预借图书
  • 作者相关作品
  • 分类相关作品
  • 丛书相关作品
  • 出版社相关作品

书目信息

  • 表格格式
  • 工作单格式
  • 卡片格式
题名:
中国医学史略
    
 
作者: 贾得道 著
分册:  
出版信息: 太原   山西人民出版社  1979
页数: 316页
开本: 20cm
丛书名:
单 册:
中图分类: R-09
科图分类:
主题词: 医学史
电子资源:
ISBN:
000 00562nam0 2200217 45
001 0179008863
005 20060815174402.40
010    @dCNY1.00
091    @a14088.60
100    @a19950804d1979 em y0chiy0121 ea
101 0  @achi
102    @aCN@b140000
105    @ay z 000yy
200 10 @a中国医学史略@Azhong guo yi xue shi lue@f贾得道著@Fjia de dao zhu
210    @a太原@c山西人民出版社@d1979
215    @a316页@d20cm
606 0  @a医学史
690    @aR-09
701  0 @a贾得道@Ajia de dao@4著
801  0 @aCN@bNLC@c20060815
905    @f1@b15665@dR-09@e12
    
    中国医学史略/贾得道著.-太原:山西人民出版社,1979
    316页;20cm
    
    
    ISBN :CNY1.00
    
●
相关链接 在E读中查询图书 在五车中查询图书 在当当中查询图书 在豆瓣中查询图书


正题名:中国医学史略     索取号:R-09/12         预约/预借

序号 登录号 条形码 馆藏地/架位号 状态 备注
1 0015665   001586830   密集书库/ [索取号:R-09/12] 在馆    
2 0015666   000703260   密集书库/ [索取号:R-09/12] 在馆    
3 0458343   204583432   密集书库/ [索取号:R-09/12] 在馆    
4 0458344   204583441   密集书库/ [索取号:R-09/12] 在馆    
唐山师范学院图书馆 欢迎您!
大连网信软件有限公司© 版权所有